Po nitkách do minulosti : stuhy tkané rokem /

Hlavní autor: Urbanová, Kristýna, 1980-
Další autoři: Bernartová, Barbora, Bílková, Tereza, Broncová, Lucie, Čišťáková, Viktoria, Míkovcová, Michaela, 1978-, Odstrčilová, Sylvie, Mikešová Puhačová, Veronika, Půlpán, Jan "Tonda", 1986-
Jazyk: Čeština
Vydáno: [Česko] : [nakladatel není známý], [2017]
Vydání: První vydání
Témata:
Fyzický popis: 188 stran : ilustrace (převážně barevné) ; 22 x 30 cm
Knihy
Uloženo v:
LEADER 03171nam a2200817 i 4500
001 nkc20172944857
003 CZ PrNK
005 20220914082217.0
007 ta
008 171101t20172017xr a e 000 0 cze
015 |a cnb002944857 
020 |a 978-80-270-2920-4  |q (vázáno) 
035 |a (OCoLC)1028188738 
040 |a BOA001  |b cze  |d ABA001  |e rda 
045 |a d2l- 
072 7 |a 677  |x Textilní průmysl  |2 Konspekt  |9 19 
080 |a 677.024  |2 MRF 
080 |a 677.024.3  |2 MRF 
080 |a 677.074  |2 MRF 
080 |a 677.027.4  |2 MRF 
080 |a 7.048  |2 MRF 
080 |a 745/749-028.41  |2 MRF 
080 |a 398.3  |2 MRF 
080 |a (048.8)  |2 MRF 
080 |a (084.11)  |2 MRF 
100 1 |a Urbanová, Kristýna,  |d 1980-  |7 jcu2016897859  |4 aut  |4 ill 
245 1 0 |a Po nitkách do minulosti :  |b stuhy tkané rokem /  |c Kristýna Urbanová a kolektiv Barbora Bernartová, Tereza Bílková, Lucie Broncová, Viktoria Čišťáková, Michaela Mikovcová, Sylvie Odstrčilová, Veronika Mikešová Puhačová, Jan Půlpán 
250 |a První vydání 
264 1 |a [Česko] :  |b [nakladatel není známý],  |c [2017] 
264 3 |a Litomyšl :  |b H.R.G. spol. s r.o. 
264 4 |c ©2017 
300 |a 188 stran :  |b ilustrace (převážně barevné) ;  |c 22 x 30 cm 
336 |a text  |b txt  |2 rdacontent 
336 |a statický obraz  |b sti  |2 rdacontent 
337 |a bez média  |b n  |2 rdamedia 
338 |a svazek  |b nc  |2 rdacarrier 
500 |a Terminologický slovník 
500 |a 500 výtisků 
504 |a Obsahuje bibliografické odkazy 
648 4 |a 8. století př. Kr.-8. století 
650 0 7 |a tkaní  |7 ph137719  |y 8. století př. Kr.-8. století  |2 czenas 
650 0 7 |a karetkování  |7 ph981188  |y 8. století př. Kr.-8. století  |2 czenas 
650 0 7 |a tkaniny  |7 ph126664  |2 czenas 
650 0 7 |a barvení textilií  |7 ph136803  |2 czenas 
650 0 7 |a vzory (motivy)  |7 ph184911  |2 czenas 
650 0 7 |a lidová umělecká výroba  |7 ph173797  |2 czenas 
650 0 7 |a lidové zvyky  |7 ph137518  |2 czenas 
650 0 9 |a weaving  |y 8th century B.C.-8th century A.C  |2 eczenas 
650 0 9 |a tablet weaving  |y 8th century B.C.-8th century A.C  |2 eczenas 
650 0 9 |a textile fabrics  |2 eczenas 
650 0 9 |a dyeing of textile  |2 eczenas 
650 0 9 |a patterns (design elements)  |2 eczenas 
650 0 9 |a folk art production  |2 eczenas 
650 0 9 |a folk customs  |2 eczenas 
655 7 |a monografie  |7 fd132842  |2 czenas 
655 7 |a obrazové publikace  |7 fd132947  |2 czenas 
655 9 |a monographs  |2 eczenas 
655 9 |a pictorial works  |2 eczenas 
700 1 |a Bernartová, Barbora  |4 aut 
700 1 |a Bílková, Tereza  |4 aut 
700 1 |a Broncová, Lucie  |4 aut 
700 1 |a Čišťáková, Viktoria  |4 aut 
700 1 |a Míkovcová, Michaela,  |d 1978-  |7 jo2012688274  |4 aut 
700 1 |a Odstrčilová, Sylvie  |7 ola20221160017  |4 aut  |4 pht 
700 1 |a Mikešová Puhačová, Veronika  |7 jo2017952492  |4 aut 
700 1 |a Půlpán, Jan "Tonda",  |d 1986-  |7 jo2017941071  |4 aut  |4 pht 
910 2 |a BOA001  |b 4-1402.470 
990 |a BK 
995 |a 01 
991 |b 201801  |c NOV 
996 6 |b 2610731916  |c 4-1402.470  |l MZK  |r Sklad / do 1 hodiny  |n 6  |p p.v.  |w 001648888  |u 000010  |a 1  |e BOA001  |j MZK50  |s P